[Event "Druzynowe Mistrzostwa Polski Juniorow - Ekstraliga Juniorow 2019"]
[Site "DW Globus Ustron Jaszowiec ul. Turystyczna 6"]
[Date "1899-12-30"]
[Round "9.8"]
[White "Kokoszczynski, Jan"]
[Black "Koziorowicz, Michal"]
[Result "1-0"]
[WhiteTitle "k"]
[BlackTitle "I++"]
[WhiteElo "2238"]
[BlackElo "1985"]

1. d4 f5 2. Nc3 Nf6 3. Bg5 e6 4. e4 fxe4 5. Nxe4 Be7 6. Bxf6 Bxf6 7. Nf3 b6 8.
Bd3 Bb7 9. Qe2 Nc6 10. c3 Qe7 11. O-O-O O-O-O 12. Ba6 Rhf8 13. Rhe1 Rde8 14. Qb5
Nd8 15. d5 exd5 16. Qxd5 Be5 17. Bxb7+ Nxb7 18. Nxe5 Qxe5 19. Qxd7+ Kb8 20. g3
Rd8 21. Qg4 Rxd1+ 22. Rxd1 Re8 23. f3 g6 24. Qd7 h5 25. Qf7 Qe6 26. Rd7 Nc5 27.
Rxc7 Qxf7 28. Rxf7 Nxe4 29. fxe4 Rxe4 30. Kd2 h4 31. Rf4 Rxf4 32. gxf4 Kc7 33.
Ke3 Kd6 34. Ke4 Ke6 35. h3 a5 36. a4 Kd6 37. Kd4 Ke6 38. b4 axb4 39. cxb4 Kf5
40. Ke3 1-0

[Event "Druzynowe Mistrzostwa Polski Juniorow - Ekstraliga Juniorow 2019"]
[Site "DW Globus Ustron Jaszowiec ul. Turystyczna 6"]
[Date "1899-12-30"]
[Round "9.9"]
[White "Dzida, Kamil"]
[Black "Fiszer, Bartosz"]
[Result "0-1"]
[WhiteTitle "I++"]
[BlackTitle "CM"]
[WhiteElo "1987"]
[BlackElo "2105"]

1. e4 c5 2. Nf3 Nc6 3. d4 cxd4 4. Nxd4 e5 5. Nb5 d6 6. N1c3 a6 7. Na3 Be7 8. Be3
Nf6 9. Nc4 b5 10. Nb6 Rb8 11. Nxc8 Qxc8 12. Be2 O-O 13. O-O b4 14. Nd5 Nxe4 15.
Qd3 Nf6 16. Nxe7+ Nxe7 17. Qxd6 Nf5 18. Qxa6 Nxe3 19. fxe3 Qxc2 20. Rad1 Ra8 21.
Qb5 Qxb2 22. Bc4 Rab8 23. Qa6 e4 24. Qa7 Rbc8 25. Bb3 Qc3 26. Kh1 Rc7 27. Qa5
h6 28. h3 Rc5 29. Qb6 Qxe3 30. Qxb4 Rg5 31. Qe1 Qc5 32. Rc1 Qb6 33. Bc4 e3 34.
a4 Ne4 35. Rf3 Qb2 36. Be2 Ng3+ 37. Rxg3 Rxg3 38. Bf3 Qd2 39. a5 Rg5 40. a6 Ra5
41. Qxd2 exd2 42. Rd1 Rxa6 43. Rxd2 g6 44. Kh2 Kg7 45. Rb2 f5 46. Rc2 h5 47. Rc4
Kh6 48. h4 Rd6 49. Kg3 Rfd8 50. Ra4 Rd4 51. Ra3 Rb4 52. Kh3 Rdd4 53. g3 Rb2 54.
Ra1 Rdd2 55. Rh1 Rb3 56. Rf1 g5 57. hxg5+ Kxg5 0-1

[Event "Druzynowe Mistrzostwa Polski Juniorow - Ekstraliga Juniorow 2019"]
[Site "DW Globus Ustron Jaszowiec ul. Turystyczna 6"]
[Date "1899-12-30"]
[Round "9.10"]
[White "Rylski, Tadeusz"]
[Black "Wysocki, Mateusz"]
[Result "0-1"]
[WhiteTitle "II+"]
[BlackTitle "I"]
[WhiteElo "1502"]
[BlackElo "1634"]

1. d4 Nf6 2. c4 g6 3. Nf3 Bg7 4. g3 O-O 5. Bg2 d6 6. O-O c5 7. Nc3 Nc6 8. d5 Na5
9. Qd3 a6 10. Nd2 Rb8 11. a4 Bd7 12. e4 Ng4 13. h3 Ne5 14. Qe2 f5 15. f4 Nf7 16.
Nf3 Nb3 17. Ra3 Nd4 18. Nxd4 cxd4 19. Nd1 fxe4 20. Bxe4 Bxh3 21. Re1 Bd7 22. b4
Qb6 23. Qd2 Rbc8 24. a5 Qc7 25. Nb2 Rfe8 26. Qd3 e6 27. Bd2 exd5 28. Bxd5 Bc6
29. Be6 Bd7 30. Bd5 Rxe1+ 31. Bxe1 Bc6 32. Bxc6 Qxc6 33. Bf2 Re8 34. Ra1 Nh6 35.
Bxd4 Bxd4+ 36. Qxd4 Re2 0-1

[Event "Druzynowe Mistrzostwa Polski Juniorow - Ekstraliga Juniorow 2019"]
[Site "DW Globus Ustron Jaszowiec ul. Turystyczna 6"]
[Date "1899-12-30"]
[Round "9.11"]
[White "Raczykowska, Paulina"]
[Black "Moscicka, Pola"]
[Result "0-1"]
[WhiteTitle "k"]
[BlackTitle "k++"]
[WhiteElo "1893"]
[BlackElo "1858"]

1. e4 c5 2. Nf3 Nc6 3. d4 cxd4 4. Nxd4 Nf6 5. Nc3 e5 6. Ndb5 d6 7. Nd5 Nxd5 8.
exd5 Nb8 9. c4 Be7 10. Bd3 O-O 11. O-O a6 12. Nc3 f5 13. f3 Nd7 14. Kh1 Kh8 15.
a3 Qe8 16. b4 Qh5 17. Ra2 Nf6 18. Be3 Bd7 19. Qe2 g5 20. c5 g4 21. f4 Rae8 22.
Qf2 g3 23. Qxg3 Ng4 24. Bg1 Bf6 25. Ne2 e4 26. Bc4 e3 27. Qh3 Qg6 28. a4 Rg8 29.
Ra3 Re4 30. Ba2 Rge8 31. cxd6 Nf2+ 32. Bxf2 exf2 33. Ng3 Re1 34. Bc4 b5 35. axb5
Bxb5 36. Bxb5 axb5 37. Ra2 Qxg3 38. hxg3 Rxf1+ 39. Kh2 Rh1+ 40. Kxh1 f1=Q+ 41.
Kh2 Bd4 42. Qxf5 Qg1+ 43. Kh3 Qh1+ 44. Kg4 Rg8+ 45. Qg5 Rxg5+ 46. fxg5 Qd1+ 47.
Kh4 h5 48. Ra8+ Kh7 49. g6+ Kg7 0-1

[Event "Druzynowe Mistrzostwa Polski Juniorow - Ekstraliga Juniorow 2019"]
[Site "DW Globus Ustron Jaszowiec ul. Turystyczna 6"]
[Date "1899-12-30"]
[Round "9.12"]
[White "Zabrzanska, Weronika"]
[Black "Siekanska, Maria"]
[Result "1-0"]
[WhiteTitle "I++"]
[BlackTitle "I++"]
[WhiteElo "1748"]
[BlackElo "1559"]

1. d4 d5 2. c4 e6 3. Nc3 c5 4. cxd5 exd5 5. Nf3 Nc6 6. g3 Nf6 7. Bg2 Be7 8. O-O
O-O 9. Bg5 c4 10. Ne5 Be6 11. Nxc6 bxc6 12. b3 h6 13. Bxf6 Bxf6 14. e3 c5 15.
bxc4 dxc4 16. Ne4 cxd4 17. Nxf6+ gxf6 18. exd4 Bd5 19. Qg4+ Kh8 20. Qh5 Bxg2 21.
Qxh6+ Kg8 22. Kxg2 Qxd4 23. Rad1 Qb2 24. Qf4 Rfc8 25. Rd4 Qxa2 26. Qh6 Qe2 27.
Rh4 1-0

[Event "Druzynowe Mistrzostwa Polski Juniorow - Ekstraliga Juniorow 2019"]
[Site "DW Globus Ustron Jaszowiec ul. Turystyczna 6"]
[Date "1899-12-30"]
[Round "9.13"]
[White "Kozak, Antoni"]
[Black "Lukasiewicz, Krzysztof"]
[Result "1/2-1/2"]
[WhiteTitle "k++"]
[BlackTitle "k"]
[WhiteElo "2365"]
[BlackElo "2172"]

1. Nf3 d5 2. g3 c6 3. Bg2 Bg4 4. O-O Nf6 5. b3 Nbd7 6. Bb2 e6 7. d3 Bd6 8. Nbd2
O-O 9. Qe1 Qc7 10. e4 e5 11. h3 Bxf3 12. Bxf3 dxe4 13. dxe4 a5 14. a4 Rfe8 15.
Nc4 Bb4 16. Qe2 Nb6 17. Ne3 Rad8 18. Rad1 Nfd7 19. Bg4 Nf8 20. Kg2 Nbd7 21. Nc4
Ne6 22. Bxe6 Rxe6 23. Rd3 Ree8 24. Rfd1 f6 25. Nd6 Bxd6 26. Rxd6 Nb6 27. Ba3 Rxd6
28. Bxd6 Qf7 29. Bc5 Nc8 30. Be3 b6 31. Qg4 c5 32. Rd7 Qg6 33. Kf3 Kf8 34. Ke2
Qxg4+ 35. hxg4 Re7 36. Rd8+ Re8 37. Rd7 Re7 38. Rd8+ Re8 39. Rd5 h6 40. c3 Re6
41. Rd8+ Re8 42. Rd1 Re6 43. f3 Ke7 44. b4 cxb4 45. cxb4 axb4 46. Bd2 Rc6 47.
Bxb4+ Nd6 48. Kd3 Ke6 49. Rb1 Rc4 50. Bxd6 Rd4+ 51. Kc3 Rxd6 52. Kb4 Kd7 53. Rc1
Rc6 54. Rxc6 1/2-1/2

[Event "Druzynowe Mistrzostwa Polski Juniorow - Ekstraliga Juniorow 2019"]
[Site "DW Globus Ustron Jaszowiec ul. Turystyczna 6"]
[Date "1899-12-30"]
[Round "9.14"]
[White "Sernecki, Franciszek"]
[Black "Mis, Mieszko"]
[Result "1/2-1/2"]
[WhiteTitle "I++"]
[BlackTitle "FM"]
[WhiteElo "2283"]
[BlackElo "2284"]

1. c4 g6 2. Nc3 c5 3. g3 Bg7 4. Bg2 Nc6 5. e3 e5 6. Nge2 Nge7 7. O-O O-O 8. a3
d6 9. Rb1 Be6 10. Nd5 f5 11. d3 Bf7 12. Nec3 Nxd5 13. Nxd5 Ne7 14. Nxe7+ Qxe7
15. b4 Rab8 16. b5 h5 17. Qa4 b6 18. Qc2 Rbd8 19. e4 Be6 20. f4 fxe4 21. Bxe4
Bf5 22. Bd5+ Kh7 23. Bb2 Be6 24. Bxe6 Qxe6 25. Rbe1 Rde8 26. Qg2 Qf5 27. Qd5 exf4
28. Qxf5 gxf5 29. Bxg7 Kxg7 30. Rxe8 Rxe8 31. Rxf4 Kg6 32. Kf2 a6 33. a4 axb5
34. axb5 Ra8 35. Ke3 Ra2 1/2-1/2

[Event "Druzynowe Mistrzostwa Polski Juniorow - Ekstraliga Juniorow 2019"]
[Site "DW Globus Ustron Jaszowiec ul. Turystyczna 6"]
[Date "1899-12-30"]
[Round "9.15"]
[White "Chyzy, Jakub"]
[Black "Wieczorek, Mikolaj"]
[Result "1-0"]
[WhiteTitle "k"]
[BlackTitle "I"]
[WhiteElo "2093"]
[BlackElo "1751"]

1. e4 c5 2. Nf3 Nc6 3. d4 cxd4 4. Nxd4 e5 5. Nb5 d6 6. N1c3 a6 7. Na3 b5 8. Nd5
Nge7 9. Bg5 h6 10. Bxe7 Bxe7 11. c4 Qa5+ 12. Qd2 Qxd2+ 13. Kxd2 Bg5+ 14. Kd1 O-O
15. cxb5 Nd4 16. bxa6 Bxa6 17. Bxa6 Rxa6 18. h4 Bd8 19. Nc2 Nxc2 20. Kxc2 f5 21.
exf5 Rxf5 22. f3 Rc6+ 23. Kd3 e4+ 24. fxe4 Rf2 25. Rac1 Rxc1 26. Rxc1 Bxh4 27.
Rc2 Rf1 28. b4 Rb1 29. a4 Be1 30. Kc4 Kf7 31. Kb5 Ke6 32. a5 Ke5 33. a6 Kxe4 34.
Ra2 Kxd5 35. a7 Rxb4+ 36. Ka6 1-0

[Event "Druzynowe Mistrzostwa Polski Juniorow - Ekstraliga Juniorow 2019"]
[Site "DW Globus Ustron Jaszowiec ul. Turystyczna 6"]
[Date "1899-12-30"]
[Round "9.16"]
[White "Halhoul, Adam"]
[Black "Czernek, Tymon"]
[Result "0-1"]
[WhiteTitle "II+"]
[BlackTitle "I++"]
[WhiteElo "1609"]
[BlackElo "2003"]

1. d4 Nf6 2. c4 c5 3. d5 b5 4. cxb5 a6 5. e3 g6 6. Nc3 Bg7 7. Be2 O-O 8. bxa6 Bxa6
9. Bxa6 Nxa6 10. Nf3 d6 11. O-O Nd7 12. e4 Nb6 13. Nd2 Nb4 14. a3 Nd3 15. Qc2
Nxc1 16. Rfxc1 Qd7 17. Rab1 Rfb8 18. h3 e6 19. Rd1 exd5 20. Nxd5 Nxd5 21. exd5
Qa4 22. Qxa4 Rxa4 23. b3 Rxa3 24. Nc4 Ra6 25. Re1 Kf8 26. Re3 Bd4 27. Re2 h5 28.
g4 hxg4 29. hxg4 Kg7 30. Kg2 Kf6 31. f4 g5 32. f5 Rh8 33. Rh1 Rxh1 34. Kxh1 Ra1+
35. Kg2 Rg1+ 36. Kf3 Rf1+ 37. Kg3 Rd1 38. Kg2 Be5 39. Rd2 Rb1 40. Rd3 Bf4 41.
Kf3 Rg1 42. Kf2 Rxg4 0-1

[Event "Druzynowe Mistrzostwa Polski Juniorow - Ekstraliga Juniorow 2019"]
[Site "DW Globus Ustron Jaszowiec ul. Turystyczna 6"]
[Date "1899-12-30"]
[Round "9.17"]
[White "Swiech, Joanna"]
[Black "Frej, Zofia"]
[Result "1-0"]
[WhiteTitle "k"]
[BlackTitle "k"]
[WhiteElo "1879"]
[BlackElo "1903"]

1. c4 e6 2. Nc3 d5 3. d4 c5 4. cxd5 exd5 5. Nf3 Nc6 6. g3 Nf6 7. Bg2 cxd4 8. Nxd4
Bc5 9. Nxc6 bxc6 10. O-O O-O 11. Bg5 h6 12. Bxf6 Qxf6 13. Nxd5 cxd5 14. Qxd5 Bb7
15. Qxb7 Rab8 16. Qd5 Bd4 17. e3 Bxb2 18. Rab1 Qc3 19. Rfd1 Ba3 20. Be4 Qc5 21.
Qd7 Qe5 22. Rxb8 Qxb8 23. Qf5 g6 24. Qd5 Qb6 25. Rd3 Be7 26. Qc4 Rd8 27. Bd5 Kg7
28. Rc3 Qf6 29. Rb3 Rd7 30. Kg2 Bd8 31. e4 Bb6 32. Rf3 Qe5 33. Bxf7 Qd4 34. Qe6
Rd6 35. Qe8 Rd8 36. Qe6 Rd6 37. Qc8 Rd8 38. Qc2 Rd6 39. Bd5 Rf6 40. Rxf6 Qxf6
41. Qe2 Qd4 42. Qf3 Qf6 43. Qe2 Qd4 44. Bb3 Bc7 45. h4 Be5 46. Qg4 h5 47. Qe2
Bd6 48. Qf3 Bc5 49. Qf7+ Kh6 50. Bd5 Qd2 51. Qf3 Qd4 52. Bg8 Qe5 53. Kh2 Qe7 54.
Bc4 Qe5 55. Bd5 Qd4 56. Qf4+ Kh7 57. Kg2 Kg7 58. Qf7+ Kh6 59. Bc6 Qe5 60. Qd5
Qxd5 61. Bxd5 g5 62. hxg5+ Kxg5 63. f4+ Kf6 64. e5+ Kf5 65. Kf3 Be7 66. Bf7 h4
67. g4# Ke4+ 68. Kxe4 1-0

[Event "Druzynowe Mistrzostwa Polski Juniorow - Ekstraliga Juniorow 2019"]
[Site "DW Globus Ustron Jaszowiec ul. Turystyczna 6"]
[Date "1899-12-30"]
[Round "9.18"]
[White "Kulczycka, Zofia"]
[Black "Wikar, Martyna"]
[Result "0-1"]
[WhiteTitle "I"]
[BlackTitle "k+"]
[WhiteElo "1275"]
[BlackElo "2020"]

1. e4 c5 2. d4 cxd4 3. c3 dxc3 4. Nxc3 Nc6 5. Nf3 d6 6. Bc4 e6 7. O-O Be7 8. Qe2
Nf6 9. Rd1 Bd7 10. e5 dxe5 11. Nxe5 Nxe5 12. Qxe5 O-O 13. Nb5 Rc8 14. Qe2 Rxc4
15. Qxc4 Bxb5 16. Rxd8 Bxc4 17. Rxf8+ Bxf8 18. Be3 b6 19. a4 Nd5 20. Bd4 f6 21.
a5 e5 22. axb6 axb6 23. Rc1 Bb5 24. Be3 Nxe3 25. fxe3 Bc5 26. Kf2 Bd3 27. Rd1
e4 28. Ra1 Kf7 29. Ra7+ Kg6 30. h4 h5 31. Rb7 b5 32. Rc7 Bd6 33. Rd7 Be5 34. b3
b4 35. Rb7 Bc3 36. Re7 Bc2 37. Ke2 Bxb3 38. Rxe4 Bc2 39. Rc4 Kf5 40. g3 Be4 41.
Kd1 Bd3 42. Rc7 g6 43. Re7 b3 44. Rb7 b2 0-1

[Event "Druzynowe Mistrzostwa Polski Juniorow - Ekstraliga Juniorow 2019"]
[Site "DW Globus Ustron Jaszowiec ul. Turystyczna 6"]
[Date "1899-12-30"]
[Round "9.19"]
[White "Nowak, Mikolaj"]
[Black "Gumularz, Szymon"]
[Result "1/2-1/2"]
[WhiteTitle "I++"]
[BlackTitle "IM"]
[WhiteElo "2230"]
[BlackElo "2495"]

1. d4 d6 2. e4 g6 3. Nc3 Bg7 4. Be3 a6 5. Qd2 b5 6. h4 h6 7. a3 Nd7 8. O-O-O Bb7
9. g4 Ngf6 10. f3 Nb6 11. Nh3 Nfd7 12. h5 g5 13. f4 gxf4 14. Nxf4 c5 15. dxc5
Nxc5 16. Nfd5 Rc8 17. g5 hxg5 18. h6 Be5 19. Bd4 Nxd5 20. Bxe5 Nxc3 21. Qxc3 f6
22. Bh3 fxe5 23. Qf3 e6 24. b4 Nxe4 25. Bxe6 Qf6 26. Qh5+ Kd8 27. Bxc8 Kxc8 28.
Rdf1 Nf2 29. Rhg1 Rxh6 30. Qxg5 Qxg5+ 31. Rxg5 Rh1 32. Rxh1 Nxh1 33. Rg8+ Kc7
34. Rg7+ Kb6 35. Rg6 Kc6 36. Rg2 Bc8 37. Kd2 Be6 38. Ke3 Bd5 39. Rg7 Kb6 40. Ke4
1/2-1/2

[Event "Druzynowe Mistrzostwa Polski Juniorow - Ekstraliga Juniorow 2019"]
[Site "DW Globus Ustron Jaszowiec ul. Turystyczna 6"]
[Date "1899-12-30"]
[Round "9.20"]
[White "Czopor, Maciej"]
[Black "Posluszny, Tomasz"]
[Result "1/2-1/2"]
[WhiteTitle "k"]
[BlackTitle "I+"]
[WhiteElo "2250"]
[BlackElo "1888"]

1. e4 c6 2. d4 d5 3. Nc3 dxe4 4. Nxe4 Nf6 5. Nxf6+ exf6 6. c3 Bd6 7. Bd3 O-O 8.
Qc2 Re8+ 9. Ne2 h5 10. Be3 Nd7 11. O-O h4 12. c4 Nf8 13. Rad1 h3 14. g3 g6 15.
Qc1 Qe7 16. Bf4 Ne6 17. Rfe1 Bd7 18. c5 Bxf4 19. Nxf4 Qf8 20. Nxe6 Bxe6 21. a3
Bg4 22. Rxe8 Qxe8 23. Re1 Qd7 24. Qf4 Rd8 25. Qxf6 Qxd4 26. Re8+ Rxe8 27. Qxd4
Re1+ 28. Bf1 Be2 29. Qd8+ Kg7 30. Qd4+ Kg8 31. Qd8+ 1/2-1/2

[Event "Druzynowe Mistrzostwa Polski Juniorow - Ekstraliga Juniorow 2019"]
[Site "DW Globus Ustron Jaszowiec ul. Turystyczna 6"]
[Date "1899-12-30"]
[Round "9.21"]
[White "Seemann, Jakub"]
[Black "Luberanski, Jakub"]
[Result "0-1"]
[WhiteTitle "I+"]
[BlackTitle "I++"]
[WhiteElo "2017"]
[BlackElo "2010"]

1. e4 c5 2. Nf3 e6 3. d4 cxd4 4. Nxd4 Nf6 5. Nc3 d6 6. Be2 Be7 7. O-O O-O 8. f4
Nc6 9. Kh1 Bd7 10. Be3 a6 11. Qe1 b5 12. a3 Qb8 13. Qg3 b4 14. axb4 Qxb4 15. Rad1
Qxb2 16. Nxc6 Bxc6 17. Bd4 Qb4 18. Rd3 Rfe8 19. Bf3 Rac8 20. e5 Nd7 21. Bxc6 Rxc6
22. exd6 Bf6 23. Rb1 Qa5 24. Bxf6 Nxf6 25. h3 Rxc3 26. d7 Rd8 27. Rxc3 Ne4 28.
Qh4 Nxc3 29. Qe7 g6 30. Qe8+ Kg7 31. Rb8 Qa1+ 32. Kh2 Ne2 33. h4 Qg1+ 34. Kh3
Qh1+ 0-1

[Event "Druzynowe Mistrzostwa Polski Juniorow - Ekstraliga Juniorow 2019"]
[Site "DW Globus Ustron Jaszowiec ul. Turystyczna 6"]
[Date "1899-12-30"]
[Round "9.22"]
[White "Madej, Marek"]
[Black "Oleksy, Krzysztof"]
[Result "1-0"]
[WhiteTitle "I"]
[BlackTitle "I"]
[WhiteElo "1843"]
[BlackElo "1878"]

1. e4 c5 2. Nf3 d6 3. d4 cxd4 4. Qxd4 a6 5. c4 Nc6 6. Qe3 g6 7. Nc3 Bg7 8. Be2
Bg4 9. O-O Nf6 10. h3 Bxf3 11. Bxf3 O-O 12. b3 Nd7 13. Bb2 b5 14. Be2 b4 15. Na4
Bxb2 16. Nxb2 Nc5 17. f4 Ne6 18. Rad1 Qa5 19. Na4 Nc5 20. Rd5 e6 21. Rxd6 Nxa4
22. bxa4 Ne7 23. Bd3 Rfc8 24. f5 exf5 25. exf5 Qc5 26. Rd8+ 1-0

[Event "Druzynowe Mistrzostwa Polski Juniorow - Ekstraliga Juniorow 2019"]
[Site "DW Globus Ustron Jaszowiec ul. Turystyczna 6"]
[Date "1899-12-30"]
[Round "9.23"]
[White "Kucharska, Honorata"]
[Black "Harazinska, Magdalena"]
[Result "1-0"]
[WhiteTitle "WFM"]
[BlackTitle "WFM"]
[WhiteElo "2054"]
[BlackElo "2004"]

1. e4 c5 2. Nf3 d6 3. d4 Nf6 4. Nc3 cxd4 5. Nxd4 a6 6. Be2 e6 7. O-O Nc6 8. Be3
Be7 9. f4 Bd7 10. Kh1 O-O 11. Qe1 b5 12. a3 g6 13. Qg3 Nxd4 14. Bxd4 a5 15. e5
dxe5 16. fxe5 Ne8 17. Rad1 b4 18. axb4 axb4 19. Ne4 Qc7 20. Bd3 Bc6 21. Ng5 Ng7
22. Qf4 Nf5 23. Bxf5 exf5 24. Qg3 Bxg5 25. Qxg5 Be4 26. c3 bxc3 27. Bxc3 Qc4 28.
Rfe1 Rfe8 29. h4 h5 30. Rd4 Qc5 31. Rd6 Qf2 32. e6 Bxg2+ 33. Qxg2 Qxh4+ 34. Kg1
Kf8 35. e7+ 1-0

[Event "Druzynowe Mistrzostwa Polski Juniorow - Ekstraliga Juniorow 2019"]
[Site "DW Globus Ustron Jaszowiec ul. Turystyczna 6"]
[Date "1899-12-30"]
[Round "9.24"]
[White "Pawicka, Magdalena"]
[Black "Kucharska, Helena"]
[Result "1-0"]
[WhiteTitle "I"]
[BlackTitle "I"]
[WhiteElo "1700"]
[BlackElo "1543"]

1. e4 e6 2. d4 d5 3. Nc3 Nf6 4. e5 Nfd7 5. f4 c5 6. Nf3 Nc6 7. Be3 cxd4 8. Nxd4
Bc5 9. Qd2 Nxd4 10. Bxd4 Bxd4 11. Qxd4 Qb6 12. Qxb6 Nxb6 13. Nb5 Ke7 14. Nd4 Bd7
15. Bd3 a6 16. Ke2 Rac8 17. b3 f6 18. Kd2 fxe5 19. fxe5 Be8 20. Rhf1 Bg6 21. Rf4
Nd7 22. Nf3 Nc5 23. Bxg6 hxg6 24. Rf1 Ne4+ 25. Kc1 Nc5 26. Kb2 Rcf8 27. Nh4 Rxf4
28. Rxf4 Ke8 29. Nf3 Rh5 30. Kc3 Ne4+ 31. Kd4 Rf5 32. Rg4 Kf7 33. Rh4 g5 34. Rg4
Kg6 35. Nh4+ Kf7 36. Nxf5 exf5 37. Kxd5 Nf6+ 38. exf6 fxg4 39. fxg7 Kxg7 40. Ke5
Kg6 41. a4 Kh5 42. b4 Kh4 43. b5 axb5 44. axb5 g3 45. h3 g4 46. hxg4 Kxg4 47.
c4 Kg5 48. c5 Kg6 49. c6 bxc6 50. bxc6 Kg5 51. c7 Kh4 52. c8=Q Kh5 53. Qg8 Kh4
54. Kf4 Kh5 55. Qh7# 1-0

[Event "Druzynowe Mistrzostwa Polski Juniorow - Ekstraliga Juniorow 2019"]
[Site "DW Globus Ustron Jaszowiec ul. Turystyczna 6"]
[Date "1899-12-30"]
[Round "9.25"]
[White "Polczyk, Mikolaj"]
[Black "Kosakowski, Jakub"]
[Result "0-1"]
[WhiteTitle "k"]
[BlackTitle "FM"]
[WhiteElo "2182"]
[BlackElo "2390"]

1. d4 Nf6 2. c4 e6 3. Nf3 d5 4. g3 Bb4+ 5. Bd2 Be7 6. Bg2 O-O 7. O-O Nbd7 8. b3
Ne4 9. Nc3 Nxd2 10. Qxd2 c6 11. e4 dxe4 12. Nxe4 b6 13. Rad1 Bb7 14. Qf4 Nf6 15.
Ne5 Rc8 16. Qe3 Qc7 17. Ng5 Bd6 18. Nexf7 Rxf7 19. Qxe6 Re8 20. Qxf7+ Qxf7 21.
Nxf7 Kxf7 22. Rfe1 Rc8 23. Bh3 Rc7 24. Be6+ Kf8 25. c5 bxc5 26. dxc5 Bxc5 27.
Rd8+ Ke7 28. Rb8 Bb4 29. Re2 Kd6 30. Bc4 Kc5 31. a3 Bc3 32. Rd8 Nd5 33. Rc2 Kd4
34. Re8 Bc8 35. Rf8 g6 36. g4 Bxg4 37. Bxd5 cxd5 38. Rf4+ Kd3 39. Rc1 Be2 40.
Kg2 d4 0-1

[Event "Druzynowe Mistrzostwa Polski Juniorow - Ekstraliga Juniorow 2019"]
[Site "DW Globus Ustron Jaszowiec ul. Turystyczna 6"]
[Date "1899-12-30"]
[Round "9.26"]
[White "Pytel, Maciej"]
[Black "Panek, Bartosz"]
[Result "1-0"]
[WhiteTitle "k"]
[BlackTitle "I"]
[WhiteElo "1988"]
[BlackElo "2033"]

1. e4 c5 2. Nf3 e6 3. d4 cxd4 4. Nxd4 Bc5 5. Nb3 Bb6 6. Bd3 Ne7 7. O-O O-O 8. Kh1
f5 9. Qe2 fxe4 10. Bxe4 d5 11. Bf3 Nbc6 12. Bg5 Qe8 13. Bh5 g6 14. Bg4 e5 15.
Bxc8 Rxc8 16. N1d2 Rf5 17. f4 e4 18. c4 e3 19. c5 exd2 20. cxb6 axb6 21. Qxd2
Qd7 22. Rad1 Rf7 23. Bh4 Qg4 24. Bxe7 Nxe7 25. Nd4 Rcf8 26. g3 Nc6 27. Nf3 Rd8
28. b4 Qf5 29. b5 Na5 30. Qd4 Nc4 31. Rfe1 Qc2 32. Rc1 Qxa2 33. Ng5 Rfd7 34. f5
Qd2 35. Qf6 gxf5 36. Qe6+ Kg7 37. Qxf5 Kg8 38. Rcd1 Qc3 39. Ne6 Re8 40. Rf1 Rdd8
41. Nxd8 Qe3 42. Qxd5+ Kg7 1-0

[Event "Druzynowe Mistrzostwa Polski Juniorow - Ekstraliga Juniorow 2019"]
[Site "DW Globus Ustron Jaszowiec ul. Turystyczna 6"]
[Date "1899-12-30"]
[Round "9.27"]
[White "Jeda, Maciej"]
[Black "Karolczuk, Iwo"]
[Result "0-1"]
[WhiteTitle "I"]
[BlackTitle "I++"]
[WhiteElo "1798"]
[BlackElo "2031"]

1. e4 c5 2. Nf3 e6 3. d3 Nc6 4. g3 Nf6 5. Bg2 g6 6. O-O Bg7 7. Nbd2 O-O 8. Re1
e5 9. c3 d6 10. a3 h6 11. b4 b6 12. Bb2 Be6 13. Nb3 Ne8 14. b5 Bxb3 15. Qxb3 Na5
16. Qc2 Nc7 17. a4 Ne6 18. Rad1 Rc8 19. Qb1 c4 20. Bh3 Qf6 21. Nd2 cxd3 22. Qxd3
Rfd8 23. Ba3 Rc7 24. Bb4 Nb7 25. Nf1 Nbc5 26. Qc2 Ng5 27. Bg2 Nb7 28. Ne3 Nf3+
29. Bxf3 Qxf3 30. Nd5 Rcd7 31. Rd3 Qg4 32. Kg2 Qe6 33. Qe2 Re8 34. Qe3 f5 35.
f3 Rf7 36. exf5 Qxf5 37. Qe4 Kh7 38. Nf4 Bf8 39. Qd5 Ree7 40. Nh3 Rf6 41. Re4
g5 42. Nf2 Ref7 43. Ng4 Rg6 44. Nf2 h5 45. h3 Nd8 46. Rde3 Ne6 47. Nd3 Nf4+ 48.
Nxf4 gxf4 49. Re2 Rxg3+ 50. Kf2 Rfg7 51. Ke1 Rxf3 52. Bxd6 Rg1+ 53. Kd2 Rff1 54.
Qxe5 Qxe5 55. Bxe5 f3 56. Re1 Bh6+ 57. Kd1 f2 0-1

[Event "Druzynowe Mistrzostwa Polski Juniorow - Ekstraliga Juniorow 2019"]
[Site "DW Globus Ustron Jaszowiec ul. Turystyczna 6"]
[Date "1899-12-30"]
[Round "9.28"]
[White "Budzisz, Adrian"]
[Black "Piechota, Kamil"]
[Result "1-0"]
[WhiteTitle "I"]
[BlackTitle "I"]
[WhiteElo "1796"]
[BlackElo "1641"]

1. d4 d5 2. Nf3 Nf6 3. c4 e6 4. e3 Nbd7 5. Bd3 Be7 6. O-O O-O 7. b3 b6 8. cxd5
exd5 9. Bb2 Ne4 10. Ne5 Nxe5 11. dxe5 f6 12. Qc2 f5 13. Rd1 Bb7 14. f3 Ng5 15.
Bxf5 Bc8 16. Bd3 Nxf3+ 17. gxf3 Rxf3 18. Be4 Rxe3 19. Bxd5+ Kh8 20. Bxa8 Qe8 21.
Qf2 Qg6+ 22. Bg2 Bh3 23. Rd8+ 1-0

[Event "Druzynowe Mistrzostwa Polski Juniorow - Ekstraliga Juniorow 2019"]
[Site "DW Globus Ustron Jaszowiec ul. Turystyczna 6"]
[Date "1899-12-30"]
[Round "9.29"]
[White "Bilczewska, Olga"]
[Black "Koruch, Maria"]
[Result "1/2-1/2"]
[WhiteTitle "I++"]
[BlackTitle "I+"]
[WhiteElo "1691"]
[BlackElo "1677"]

1. d4 d5 2. c4 c6 3. cxd5 cxd5 4. Nc3 Nf6 5. Nf3 Nc6 6. Bf4 a6 7. Rc1 Bg4 8. Ne5
e6 9. Qa4 Qb6 10. Nxc6 Qxc6 11. Qxc6+ bxc6 12. Na4 Bb4+ 13. Bd2 Bxd2+ 14. Kxd2
Rc8 15. f3 Bf5 16. e3 a5 17. Rc5 O-O 18. Rxa5 Ra8 19. Rxa8 Rxa8 20. Nc3 Nd7 21.
Be2 f6 22. e4 Bg6 23. b4 e5 24. Ke3 Ra3 25. Rc1 Nb6 26. dxe5 fxe5 27. exd5 Nxd5+
28. Kd2 Nxb4 29. Bc4+ Bf7 30. Bxf7+ Kxf7 31. Ra1 Ke6 32. Ne4 Kd5 33. Nc3+ Kd4
34. Ne2+ Kd5 35. Nc3+ Ke6 36. Ne4 h6 37. Ke2 Rxa2+ 38. Rxa2 Nxa2 39. Kd3 Kd5 40.
Ng3 g6 41. Ne4 Nc1+ 42. Kd2 Nb3+ 43. Kc3 Nd4 44. Kd3 Nf5 45. g3 Nd6 46. Nf6+ Ke6
47. Ng4 h5 48. Ne3 Nf5 49. Nc4 c5 50. g4 hxg4 51. fxg4 Nd6 52. Ne3 e4+ 53. Ke2
Ke5 54. Ng2 g5 55. h3 c4 56. Kd2 Kd4 57. h4 gxh4 58. Nxh4 e3+ 59. Kd1 Kd3 60.
Nf3 e2+ 61. Ke1 Ne4 62. Ne5+ Ke3 63. Nxc4+ 1/2-1/2

[Event "Druzynowe Mistrzostwa Polski Juniorow - Ekstraliga Juniorow 2019"]
[Site "DW Globus Ustron Jaszowiec ul. Turystyczna 6"]
[Date "1899-12-30"]
[Round "9.30"]
[White "Szczotka, Klara"]
[Black "Bugaj, Hanna"]
[Result "0-1"]
[WhiteTitle "I++"]
[BlackTitle "I"]
[WhiteElo "1786"]
[BlackElo "1566"]

1. e4 c5 2. Nf3 e6 3. b3 d5 4. exd5 exd5 5. Bb5+ Bd7 6. Bxd7+ Nxd7 7. O-O Ngf6
8. Re1+ Be7 9. Qe2 Nf8 10. Qb5+ Qd7 11. Qxc5 Ne6 12. Qe3 O-O 13. d4 Rac8 14. Ne5
Qd8 15. Nxf7 Rxf7 16. Qxe6 Rxc2 17. Na3 Rc6 18. Qe2 Rxc1 19. Raxc1 Bxa3 20. Rc2
Re7 21. Qd1 Qd7 22. f3 Bd6 23. Rce2 Rxe2 24. Qxe2 Kf7 25. g3 Qc8 26. Qe3 Ba3 27.
g4 h6 28. h4 Bd6 29. Kg2 Qd7 30. Re2 Bc7 31. Qd3 Qd6 32. Kf1 Qf4 33. Qe3 Qxe3
34. Rxe3 Bb6 35. Rd3 Ke6 36. Ke2 Nd7 37. Re3+ Kd6 38. Kd3 Nf8 39. Kc3 Ne6 40.
Rd3 g5 41. h5 Nxd4 42. Rxd4 Bxd4+ 43. Kxd4 Ke6 44. a3 a6 45. b4 b5 46. Kd3 Ke5
47. Ke3 d4+ 48. Kd3 Kf4 49. Kxd4 Kxf3 50. Kc5 Kxg4 51. Kb6 Kxh5 52. Kxa6 g4 53.
Kxb5 g3 54. a4 g2 55. a5 g1=Q 56. a6 Qa7 57. Ka5 Kg4 58. b5 h5 59. b6 Qa8 60.
Kb5 h4 0-1